British Columbia MLAs of the 43rd Parliament - Statistics

General Stats
  • This quiz has been taken 11 times
  • The average score is 57 of 93
Answer Stats
Riding Elected Party Current Party Caucus Position Answer % Correct
Chilliwack-Cultus Lake Conservative Conservative Party House Leader Á'a:líya Warbus
100%
Vancouver-Renfrew NDP NDP Minister of Energy and Climate Solutions Adrian Dix
100%
Penticton-Summerland Conservative Independent Amelia Boultbee
100%
North Vancouver-Lonsdale NDP NDP Minister of Infrastructure Bowinn Ma
100%
Kootenay Central NDP NDP Brittny Anderson
100%
Abbotsford South Conservative Conservative Bruce Banman
100%
Vancouver-Little Mountain NDP NDP Minister of Housing and Municipal Affairs Christine Boyle
100%
Skeena Conservative Conservative Claire Rattée
100%
Vancouver-Quilchena Conservative OneBC Party Leader Dallas Brodie
100%
Vancouver-Point Grey NDP NDP Premier David Eby
100%
Surrey-Cloverdale Conservative Independent Elenore Sturko
100%
Nanaimo-Lantzville NDP NDP George Anderson
100%
Victoria-Beacon Hill NDP NDP Minister without Portfolio Grace Lore
100%
Langley-Abbotsford Conservative Conservative Harman Bhangu
100%
Richmond Centre Conservative Independent Hon Chan
100%
Burnaby North NDP NDP Caucus Whip Janet Routledge
100%
West Vancouver-Sea to Sky Green Green Jeremy Valeriote
100%
Nechako Lakes Conservative Conservative Former Party Leader John Rustad
100%
Peace River North Conservative Independent Jordan Kealy
100%
Mid Island-Pacific Rim NDP NDP Minister of Health Josie Osborne
100%
Richmond-Steveston NDP NDP Minister of Emergency Management and Climate Readiness Kelly Greene
100%
West Vancouver-Capilano Conservative Conservative Lynne Block
100%
Port Coquitlam NDP NDP Minister of Transportation and Transit Mike Farnworth
100%
Vancouver-Hastings NDP NDP Deputy Premier and Attorney General Niki Sharma
100%
Burnaby South-Metrotown NDP NDP Paul Choi
100%
Burnaby-New Westminster NDP NDP Speaker of the Legislative Assembly Raj Chouhan
100%
Delta North NDP NDP Minister of Jobs and Economic Growth Ravi Kahlon
100%
Langford-Highlands NDP NDP Minister of Forests Ravi Parmar
100%
Saanich North and the Islands Green Green Rob Botterell
100%
Burnaby East NDP NDP Rohini Arora
100%
Vancouver-West End NDP NDP Minister of Indigenous Relations and Reconciliation Spencer Chandra Herbert
100%
Kelowna-Lake Country-Coldstream Conservative Independent Tara Armstrong
100%
Surrey-White Rock Conservative Conservative Interim Party Leader Trevor Halford
100%
Surrey City Centre NDP NDP Amna Shah
50%
North Island Conservative Conservative Anna Kindy
50%
Vancouver-South Granville NDP NDP Minister of Finance Brenda Bailey
50%
Courtenay-Comox Conservative Conservative Brennan Day
50%
Surrey-Panorama Conservative Conservative Bryan Tepper
50%
Juan de Fuca-Malahat NDP NDP Dana Lajeunesse
50%
Esquimalt-Colwood NDP NDP Darlene Rotchford
50%
Salmon Arm-Shuswap Conservative Conservative David Williams
50%
Cowichan Valley NDP NDP Debra Toporowski
50%
Oak Bay-Gordon Head NDP NDP Minister of Citizens' Services Diana Gibson
50%
Boundary-Similkameen Conservative Conservative Donegal Wilson
50%
Surrey-Guildford NDP NDP Garry Begg
50%
Kelowna-Mission Conservative Conservative Gavin Dew
50%
Vancouver-Fraserview NDP NDP George Chow
50%
Chilliwack North Conservative Conservative Heather Maahs
50%
Delta South Conservative Conservative Ian Paton
50%
Surrey-Fleetwood NDP NDP Minister of Mining and Critical Minerals Jagrup Brar
50%
New Westminster-Coquitlam NDP NDP Minister of Labour Jennifer Whiteside
50%
Surrey-Newton NDP NDP Minister of Post-Secondary Education and Future Skills Jessie Sunner
50%
Vancouver-Strathcona NDP NDP Joan Phillip
50%
Coquitlam-Burke Mountain NDP NDP Minister of Children and Family Development Jodie Wickens
50%
Abbotsford West Conservative Conservative Korky Neufeld
50%
Kelowna Centre Conservative Conservative Kristina Loewen
50%
Saanich South NDP NDP Minister of Agriculture and Food Lana Popham
50%
Peace River South Conservative Conservative Larry Neufeld
50%
Maple Ridge East Conservative Conservative Lawrence Mok
50%
Surrey-Serpentine River Conservative Conservative Linda Hepner
50%
Maple Ridge-Pitt Meadows NDP NDP Minister of Education and Child Care Lisa Beare
50%
Cariboo-Chilcotin Conservative Conservative Lorne Doerkson
50%
Vancouver-Kensington NDP NDP Mable Elmore
50%
West Kelowna-Peachland Conservative Conservative Macklin McCall
50%
Langley-Walnut Grove Conservative Conservative Misty Van Popta
50%
Victoria-Swan Lake NDP NDP Minister of Public Safety and Solicitor General Nina Krieger
50%
Kootenay-Rockies Conservative Conservative Pete Davis
50%
Kamloops Centre Conservative Conservative Peter Milobar
50%
Abbotsford-Mission Conservative Conservative Reann Gasper
50%
Port Moody-Burquitlam NDP NDP Rick Glumac
50%
Prince George-Valemount Conservative Conservative Rosalyn Bird
50%
Columbia River-Revelstoke Conservative Conservative Scott McInnis
50%
Bulkley Valley-Stikine Conservative Conservative Sharon Hartwell
50%
Nanaimo-Gabriola Island NDP NDP Minister of Social Development and Poverty Reduction Sheila Malcolmson
50%
Prince George-North Cariboo Conservative Conservative Sheldon Clare
50%
Richmond-Queensborough Conservative Conservative Steve Kooner
50%
Vancouver-Langara NDP NDP Sunita Dhir
50%
North Vancouver-Seymour NDP NDP Susie Chant
50%
Richmond-Bridgeport Conservative Conservative Teresa Wat
50%
Vancouver-Yaletown NDP NDP Terry Yung
50%
Fraser-Nicola Conservative Conservative Tony Luck
50%
Burnaby Centre NDP NDP Minister of Tourism, Arts, Culture and Sport Anne Kang
0%
Surrey South Conservative Conservative Brent Chapman
0%
Vernon-Lumby NDP NDP Harwinder Sandhu
0%
Coquitlam-Maillardville NDP NDP Jennifer Blatherwick
0%
Langley-Willowbrook Conservative Conservative Jody Toor
0%
Prince George-Mackenzie Conservative Conservative Kiel Giddens
0%
Surrey North Conservative Conservative Mandeep Dhaliwal
0%
Powell River-Sunshine Coast NDP NDP Minister of Water, Land and Resource Stewardship Randene Neill
0%
Ladysmith-Oceanside NDP NDP Stephanie Higginson
0%
Kootenay-Monashee NDP NDP Steve Morissette
0%
North Coast-Haida Gwaii NDP NDP Minister of Environment and Parks Tamara Davidson
0%
Kamloops-North Thompson Conservative Conservative Ward Stamer
0%
No matching quizzes found
Score Distribution
Percent of People with Each Score
Percentile by Number Answered
Your Score History
You have not taken this quiz